The new cultural history
Αποθηκεύτηκε σε:
| Άλλοι συγγραφείς: | |
|---|---|
| Μορφή: | Βιβλίο |
| Γλώσσα: | English |
| Δημοσίευση: |
Berkeley :
University of California Press,
c1989
|
| Σειρά: | Studies on the history of society and culture ;
; 6 |
| Θέματα: | |
| Ετικέτες: |
Προσθήκη ετικέτας
Δεν υπάρχουν, Καταχωρήστε ετικέτα πρώτοι!
|
MARC
| LEADER | 00000cam a2200000 i 4500 | ||
|---|---|---|---|
| 001 | 1/69019 | ||
| 008 | 931210s1989 a eng d | ||
| 020 | |a 0-520-06429-1 | ||
| 035 | |l 10002171 | ||
| 040 | |a GR-MY-UA |b gre |e aacr | ||
| 041 | 0 | |a eng | |
| 082 | 0 | |a 306.09 | |
| 245 | 1 | 4 | |a The new cultural history / |c essays by Aletta Biersack...[et al.] ; edited and with an introduction by Lynn Hunt |
| 260 | |a Berkeley : |b University of California Press, |c c1989 | ||
| 300 | |a ix, 244 p.; |c 24 cm | ||
| 490 | 1 | |a Studies on the history of society and culture |v ; 6 | |
| 504 | |a Includes bibliogrsphicsl references | ||
| 650 | 0 | 0 | |a Social history |x Historiography. |
| 650 | 0 | 0 | |a Culture |x Historiography. |
| 700 | 1 | |a Hunt, Lynn Avery. |4 edt | |
| 830 | 0 | |a Studies on the history of society and culture ; |v ; 6 | |
| 852 | |a INST |b LESVOS |e 19950201 |h 306.09 NEW |p 005100003076 |q 005100003076 |t BK |y 0 | ||
| 852 | |a INST |b LESVOS |e 19931210 |h 306.09 NEW |p 005100003596 |q 005100003596 |t BK |y 0 | ||
| 852 | |a INST |b LESVOS |e 19940922 |h 306.09 NEW |p 005100003612 |q 005100003612 |t BK |y 0 | ||
| 909 | |a Λ |b 032721 | ||
| 909 | |a Λ |b 035758 | ||
| 909 | |a Λ |b 036574 | ||